| LEADER | 00844nam a2200169 4500 | ||
|---|---|---|---|
| 082 | |a 420.76 |b TR200W | ||
| 100 | |a Trew, Grant | ||
| 245 | |a Tactics for Toeic: |b Listening and reading test: Tapescripts and answer key |c Grant Trew | ||
| 260 | |a Oxford: |b Oxford Univerity press, |c 2007 | ||
| 300 | |a 76tr.; |c 29cm. | ||
| 520 | |a v.v... | ||
| 653 | |a Tiếng Anh | ||
| 942 | |2 ddc |c STK0 | ||
| 999 | |c 12838 |d 12838 | ||
| 952 | |0 0 |1 0 |2 ddc |4 0 |6 420_076000000000000_TR200W |7 0 |8 400 |9 106140 |a qbu |b qbu |c D4 |d 2016-04-06 |o 420.076 TR200W |p 11854.c1 |r 0000-00-00 |w 2016-04-06 |y STK0 | ||
| 952 | |0 0 |1 0 |2 ddc |4 0 |6 420_076000000000000_TR200W |7 0 |8 400 |9 106141 |a qbu |b qbu |c D4 |d 2016-04-06 |o 420.076 TR200W |p 11854.c2 |r 0000-00-00 |w 2016-04-06 |y STK0 | ||
| 952 | |0 0 |1 0 |2 ddc |4 0 |6 420_076000000000000_TR200W |7 0 |8 400 |9 106142 |a qbu |b qbu |c D4 |d 2016-04-06 |o 420.076 TR200W |p 11854.c3 |r 0000-00-00 |w 2016-04-06 |y STK0 | ||